01875nam a2200469 i 450000100060000000300080000600500170001400600190003100700150005000800410006502000180010602000270012403500230015103500240017403500250019803500220022304000310024505000220027608000100029808200140030810000330032224501440035525000230049926400530052230000440057533600310061933700330065033800430068350000230072658801240074959001590087365000270103265000290105965000480108865000600113665500270119670000410122370000430126479700190130785600620132699900170138885489FlNmELB20241217171409.0m o d | cr cnu||||||||170601s2016 mx o 001 0 spa d z9786077443759 a9786077444909 (e-book) a(MiAaPQ)EBC4849829 a(Au-PeEL)EBL4849829 a(CaPaEBR)ebr11379360 a(OCoLC)1009117134 aFINmELBbspaerdacFINmELB 4aHF1017bR696 2016 a519.20 a519.52231 aRodríguez Franco, Jesús.10aEstadística para administración /cJesús Rodríguez Franco, Alberto Isaac Pierdant Rodríguez, Elva Cristina Rodríguez Jiménez. aSegunda edición. 1aMéxico D.F. :bGrupo Editorial Patria,c[2016] a1 recurso en línea (x, 420 páginas) atextobtxt2rdacontent/spa acomputadorabc2rdamedia/spa arecurso en líneabcr2rdacarrier/spa aContiene índice. aDescripción basada en recurso en línea; Título de la página del título en PDF (e-libro, visto June 01, 2017). aRecurso electronico. Santa Fe, Arg. : e-libro, 2016. Disponible via World Wide Web. El acceso puede ser limitado para las bibliotecas afiliadas a e-libro. 0aCommercial statistics. 4aEstadística comercial. 0aIndustrial managementxStatistical methods. 4aAdministración de empresasxMétodos estadísticos. 4aLibros electrónicos.1 aPierdant Rodríguez, Alberto Isaac.1 aRodríguez Jiménez, Elva Cristina.2 ae-libro, Corp.40uhttps://elibro.net/ereader/politecnicointernacional/40477 c85489d85489